| 000 | 01205cam a2200337 a 4500 | ||
|---|---|---|---|
| 001 | 16739325 | ||
| 003 | NUST - PNEC | ||
| 005 | 20170116180758.0 | ||
| 008 | 110418s2012 nyua b 001 0 eng | ||
| 010 | _a 2011009912 | ||
| 015 |
_aGBB174671 _2bnb |
||
| 016 | 7 |
_a015829915 _2Uk |
|
| 020 | _a9780073529578 | ||
| 020 | _a0073529575 | ||
| 035 | _a(OCoLC)ocn713567280 | ||
| 040 | _cLIBRAR | ||
| 042 | _apcc | ||
| 050 | 0 | 0 |
_aTK454 _b.H4 2012 |
| 082 | 0 | 0 |
_a621.3192 HAY _222 |
| 100 | 1 |
_aHayt, William Hart, _d1920- |
|
| 245 | 1 | 0 |
_aEngineering circuit analysis / _cWilliam H. Hayt, Jr., Jack E. Kemmerly, Steven M. Durbin. |
| 250 | _a8th ed. | ||
| 260 |
_aNew York : _bMcGraw-Hill, _cc2012. |
||
| 300 |
_axxi, 852 p. : _bill. (some col.) ; _c26 cm. |
||
| 504 | _aIncludes bibliographical references and index. | ||
| 650 | 0 |
_aElectric circuit analysis. _xEE, EL |
|
| 856 | 4 | 1 | _uhttp://www.amazon.com/Engineering-Circuit-Analysis-William-Hayt/dp/0073529575/ref=sr_1_1?s=books&ie=UTF8&qid=1428482493&sr=1-1&keywords=9780073529578 |
| 906 |
_a7 _bcbc _corignew _d1 _eecip _f20 _gy-gencatlg |
||
| 942 |
_2ddc _cBK |
||
| 999 |
_c62818 _d62818 |
||